Welcome to CU Library Online Public Access Catalogue (OPAC)

Lab Manual Troubleshooting and Design to Accompany Digital Systems Principles and Applications (Record no. 8244)

MARC details
000 -LEADER
fixed length control field 00573nam a22001697a 4500
005 - DATE AND TIME OF LATEST TRANSACTION
control field 20251112183600.0
008 - FIXED-LENGTH DATA ELEMENTS--GENERAL INFORMATION
fixed length control field 251112b |||||||| |||| 00| 0 eng d
020 ## - INTERNATIONAL STANDARD BOOK NUMBER
International Standard Book Number 9780130908995
050 ## - LIBRARY OF CONGRESS CALL NUMBER
Classification number T7868 .D5
Item number .T62
100 ## - MAIN ENTRY--PERSONAL NAME
Personal name Tocci, Ronald J.
245 ## - TITLE STATEMENT
Title Lab Manual Troubleshooting and Design to Accompany Digital Systems Principles and Applications
Statement of responsibility, etc. Ronald J. Tocci & Neal S. Widmer
250 ## - EDITION STATEMENT
Edition statement 8th ed.
260 ## - PUBLICATION, DISTRIBUTION, ETC.
Place of publication, distribution, etc. Upper Saddle River, New Jersey
Name of publisher, distributor, etc. Prentice Hall
Date of publication, distribution, etc. 2001
300 ## - PHYSICAL DESCRIPTION
Extent x. 303p.
Other physical details ill.
Dimensions 28cm
700 ## - ADDED ENTRY--PERSONAL NAME
Personal name Widmer, Neal S.
942 ## - ADDED ENTRY ELEMENTS (KOHA)
Source of classification or shelving scheme Library of Congress Classification
Koha item type Books
Edition 8th ed.
Suppress in OPAC No
999 ## -
-- 8244
-- 8244
Holdings
Withdrawn status Lost status Source of classification or shelving scheme Damaged status Not for loan Collection Home library Current library Shelving location Date acquired Total checkouts Full call number Barcode Date last seen Copy number Price effective from Koha item type
    Library of Congress Classification     Non-fiction Science Library (Miotso) Science Library (Miotso) General stacks 11/12/2025   TK7868 .D5 .T62 TOC SLM00005811 11/12/2025 1 11/12/2025 Books
© 2023-2024 Copyright: Central University Libraries. All Rights Reserved | Created by: Mahone Tech Office